Riconosci l'Anno dagli eventi - Quiz n°317 - Statistics

Statistiche generali
  • Questo quiz è stato fatto 3 volte
  • Il punteggio medio è 9 su 12
Statistiche sulle risposte
Indizio Risposta % Corretto
B 16 marzo - L'imperatore Valentiniano III, 35 anni di età, e il suo funzionario Eraclio sono assassinati da due soldati, che erano stati al servizio del generale Ezio.
100%
C 17 marzo - Petronio Massimo viene proclamato imperatore d'Occidente.
100%
D 31 maggio - Petronio Massimo viene lapidato da una folla arrabbiata mentre fuggiva da Roma. Un panico diffuso si verifica quando molti cittadini sentono la notizia che i Vandali stanno invadendo la terraferma italiana.
100%
A Imperatore Cesare Flavio Placido Valentiniano Augusto (VIII) e Flavio Procopio Antemio sono eletti consoli.
100%
E 2 giugno - Sacco di Roma: i Vandali di Genserico, provenienti da Cartagine, risalgono il Tevere e cingono d'assedio Roma, ove entrano dopo aver promesso al papa Leone I di non distruggerla. Poco prima, il 31 maggio, i cittadini romani in fuga hanno ucciso l'imperatore Petronio Massimo, che in precedenza aveva assassinato Valentiniano III usurpandone il trono. Nelle due settimane del loro sacco di Roma, i Vandali si limitano a razziare denaro ed oggetti preziosi. Nel lasciare Roma Genserico porta a Cartagine l'imperatrice Licinia Eudossia, vedova di Valentiniano III, e le sue figlie, compresa Eudocia che va in sposa a Unerico, figlio di Genserico.
67%
F 9 luglio - Il generale Avito è proclamato imperatore d'Occidente.
67%
I Gli Unni bianchi distruggono Taxila.
67%
H Invasione della Britannia: Il principe Vortimer si ribella alle politiche pro anglo-sassone di suo padre, Vortigern. È sconfitto nella battaglia di Aylesford (Kent).
67%
G I Vandali occupano la Sardegna, distruggendo Olbia.
67%
M La prima data registrata a Chichen Itza sulla penisola dello Yucatan (Messico).
67%
L Tutuum Yohl K'inich regna sulla città maya di Quiriguá.
67%
Anno 455
33%
Nessun quiz corrispondente trovato
Distribuzione punteggi
Percentuale di utenti per punteggio
Percentile per numero di risposta
I tuoi punteggi nel tempo
Non hai fatto questo quiz